Представление документа в формате MARC21

Поле Инд. ПП Название Значение
Тип записи a
Библиографический уровень m
001 Контрольный номер DU/609345575
005 Дата корректировки 20251216153301.8
020 a ISBN 978-5-906828-61-3
084 a Индекс другой классификации/Индекс ББК 28.0
090 a Полочн. индекс 28.0
x Авторский знак Д 408
100 1_ a Автор Джералд М. Ч.
q Полное имя Джералд Майкл Ч.
245 10 a Заглавие Великая биология. От происхождения жизни до эпигенетики. 250 основных вех в истории биологии
c Ответственность при участии Г. Джералд; перевод с английского А. А. Синюшина
260 b Издательство Лаборатория знаний
a Место издания Москва
c Дата издания 2018
300 a Объем 540 с.
b Иллюстрации/ тип воспроизводства ил.
336 a Термин вида содержания Текст
337 a Термин типа средства непосредственный
541 1_ a Номер заявки 8425
b Заявитель Шарова Т.С.
c Факультет/Кафедра/Подразделение Библиотечная система
d Дата заявки 29.03.2019
f Дисциплина -
h Уровень подготовки Бакалавриат
n Количество экземпляров 2
650 04 a Основная рубрика биология
653 0_ a Ключевые слова анатомия
a Ключевые слова биология человека
a Ключевые слова биофизика
a Ключевые слова биохимия
a Ключевые слова ботаника
a Ключевые слова генетика
a Ключевые слова зоология
a Ключевые слова микробиология
a Ключевые слова цитология
a Ключевые слова эволюционная биология
700 12 a Автор Синюшин А. А.
e Роль лиц переводчик
720 a Наименование подборки Животные (насекомые)
900 a Имя электронного ресурса ogl_velikayabiologia
b Доступ к макрообъекту МегаПро
d Дата загрузки макрообъекта 20190704
x Справочная информация Обложка
900 a Имя электронного ресурса obl_velikayabiologia
b Доступ к макрообъекту МегаПро
d Дата загрузки макрообъекта 20190704
x Справочная информация Обложка
901 t Тип документа m
952 a Тип литературы для КСУ ВШ НПИ